000
00341 a2200157 4500
001
61434
020
_a
9788576830825
040
_c
Anchieta - Pituba
100
_a
Gasparini, María Victoria
240
1
0
_a
Laços de amor
_l
por
245
1
0
_a
Laços de amor
300
_a
59
362
0
_a
2007
650
4
_a
Literatura juvenil
942
_c
BK
999
_c
61434
_d
61434